000 00501nam a2200157 a 4500
001 000034149
005 20200930070821.0
008 110926s2007 cl 000 0 spa d
020 _a997480082x
040 _aDO-SdBNP
_bspa
_cBNPHU
245 0 4 _aLas terapias alternativas :
_bequilibrio y armonía /
_cAlejandro Itzak y equipo editorial.
260 _aColombia :
_bArquetipo Grupo Editorial
_bLexus Editores,
_c2007.
300 _a360 p. ;
_c30 cm.
700 1 _aItzak, Alejandro
_959570
049 _aBNPD
999 _c33640
_d33640